| 000 | 00586nam a22001817a 4500 | ||
|---|---|---|---|
| 008 | 151201b xxu||||| |||| 00| 0 eng d | ||
| 020 | _a0471321737 | ||
| 041 | 0 | _aeng | |
| 080 | _a614.71 | ||
| 100 | 1 | _aBotkin, Daniel B. | |
| 245 | 1 | 0 |
_aEnvironmental science : _cDaniel B. Botkin, Edward A. Keller, with assistance from Dorothy B. Rosenthal ... [et al.]. |
| 250 | _a3rd ed. | ||
| 260 |
_aNew York : _bJ. Wiley, _cc2000. |
||
| 300 |
_a1 v. (various pagings) : _bcol. ill. ; _c29 cm. |
||
| 650 | 0 | _aMjedisi | |
| 700 | 1 | _aKeller, Edward A., | |
| 942 |
_2udc _cBK |
||
| 999 |
_c1396 _d1396 |
||